000 00913cab a2200217 4500
001 ABS37129
008 090401t1986 xxu||||| |||| 00| 0 eng d
035 _a(Sirsi) u2461
041 _aeng
100 _aEdmonds, J.
245 _aTime-sharing - consumer protection
260 _c1986
350 _a0
490 _aLaw Society`s Gazette
_v83(40) 5 November 1986 3319-3320(2)
520 _aThe timeshare industry is dominated by the 2 American exchange networks, Resort Condominiums International and Interval International. Reviews problems in consumer protection , noting the lack of legislation in Europe, with the exception of France, Greece and Portugal. Lists questions which a solicitor should ask when advising a purchaser.
650 _aEUROPEAN HOLIDAY TIMESHARE ASSOCIATION
650 _aTIMESHARE DEVELOPERS GROUP
690 _aPROPERTY LAW AND PRACTICE
942 _n0
948 _c04/03/1997
999 _c1487
_d1487